|
|
|
|
| LEADER |
01555nam a2200385 4500 |
| 001 |
000024008 |
| 003 |
20468 |
| 005 |
20160825080837.0 |
| 008 |
160823s2016 viesd |
| 020 |
|
|
|a 9786045418857
|
| 041 |
0 |
|
|a vie
|
| 082 |
1 |
4 |
|a 895.184803
|b TH-S
|
| 100 |
1 |
|
|a Thích Đại Sán
|d 1633-1705
|
| 245 |
1 |
0 |
|a Hải ngoại kỷ sự
|c Thích Đại Sán ; Hải Tiên Nguyễn Duy Bột, Nguyễn Phương dịch ; Nguyễn Thanh Tùng hiệu chú, giới thiệu.
|
| 260 |
|
|
|a H.
|b Đại học Sư phạm
|c 2016
|
| 300 |
|
|
|a 496 tr.
|b minh họa
|c 24 cm.
|
| 500 |
|
|
|a Hải Tiên Nguyễn Duy Bột và Nguyễn Phương dịch năm 1963; Nguyễn Thanh Tùng hiệu chú, giới thiệu năm 2015.
|
| 650 |
0 |
4 |
|a Văn học Trung Quốc
|x Ký sự
|y Thế kỷ 17
|
| 650 |
0 |
4 |
|a Lịch sử
|y Thế kỷ 17
|z Việt Nam
|
| 653 |
|
|
|a Nhà sư Thích Đại Sán
|
| 653 |
|
|
|a Ký sự
|
| 653 |
|
|
|a Sử liệu Việt Nam
|
| 700 |
1 |
|
|a Hải Tiền Nguyễn Duy Bột
|e dịch
|
| 700 |
1 |
|
|a Nguyễn Phương
|e dịch
|
| 700 |
1 |
|
|a Nguyễn Thanh Tùng
|e hiệu chú
|
| OWN |
|
|
|a LSP
|
| AVA |
|
|
|a UDN50
|b LSP
|d 895.184803 TH-S
|e available
|t Error 5001 Not defined in file expand_doc_bib_avail.
|f 10
|g 0
|h N
|i 0
|k 1
|
| 999 |
|
|
|a From the UDN01
|
| AVA |
|
|
|a UDN50
|b LSP
|d 895.184803 TH-S
|e available
|t Error 5001 Not defined in file expand_doc_bib_avail.
|f 10
|g 0
|h N
|i 0
|k 1
|
| TYP |
|
|
|a Monograph
|
| TYP |
|
|
|a Printed language
|
| 980 |
|
|
|a Mạng thư viện Đại học Đà Nẵng
|